Integrated Circuits (Record no. 1225)

MARC details
000 -LEADER
fixed length control field 00391nam a22001697a 4500
005 - DATE AND TIME OF LATEST TRANSACTION
control field 20190827153711.0
008 - FIXED-LENGTH DATA ELEMENTS--GENERAL INFORMATION
fixed length control field 160520b xxu||||| |||| 00| 0 eng d
020 ## - INTERNATIONAL STANDARD BOOK NUMBER
ISBN 81-7409-208-0
041 ## - LANGUAGE CODE
Language code of text/sound track or separate title eng
082 ## - DEWEY DECIMAL CLASSIFICATION NUMBER
Item number 3608
100 ## - MAIN ENTRY--AUTHOR NAME
Personal name Botkasr K.R
245 ## - TITLE STATEMENT
Title Integrated Circuits
260 ## - PUBLICATION, DISTRIBUTION, ETC. (IMPRINT)
Name of publisher Khanna Publishing
300 ## - PHYSICAL DESCRIPTION
Number of Pages 1110
650 ## - SUBJECT ADDED ENTRY--TOPICAL TERM
Topical Term DIPLOMA ENGINEERING
942 ## - ADDED ENTRY ELEMENTS (KOHA)
Koha item type Books
Holdings
Lost status Damaged status Collection code Home library Current library Shelving location Date acquired Cost, normal purchase price Full call number Accession Number Koha item type
    Reference JRU Library   SHELF-72-D 20/05/2016 350.00 3608 3608 Books
      JRU Library   SHELF-39-E 20/05/2016 350.00 3608 3609 Books
      JRU Library   SHELF-39-E 20/05/2016 350.00 3608 3610 Books